Canciones de Lucia Casani en OT2025 - Estadísticas

Estadísticas generales
  • Esta prueba ha sido intentada 9 veces
  • La puntuación promedio es 7 de 11
Estadísticas de respuestas
Gala Compañero Canción % Correcto
Gala 2 Judit En Cambio No
100%
Gala 5 Sola Creo En Mi
86%
Gala 1 Carlos La Danza de las Libélulas
86%
Gala 8 Guillo Rist Sexo en la playa
86%
Gala 7 Guille Toledano Siempre Es De Noche
71%
Gala 3 Cristina & María Cruz Training Season
71%
Gala 4 María Cruz Vete
71%
Single Sola Para Mí
57%
Amazon Music Original Olivia A Thousand Years
43%
Gala 6 Sola Tu Falta De Querer
43%
Gala 9 Sola Fue Tan Poco Tu Cariño
14%
No se encontraron pruebas coincidentes
Distribución de puntuación
Porcentaje de gente con cada puntuación
Porcentaje por número respondido
Historial de tus puntuaciones
No has intentado esta prueba.